<An> Introduction to International Relations

Saved in:
Bibliographic Details
Main Author: Reynolds, P.A
Format: Book
Language:English
Published: London Longman 1982
Edition:2. ed.
Tags: Add Tag
No Tags, Be the first to tag this record!

MARC

LEADER 00000nam a2200000 4500
001 c022780
005 20221220100256.5
041 0 |a eng 
044 |a GB 
245 1 0 |a <An> Introduction to International Relations  |c P.A. Reynolds 
250 |a 2. ed. 
264 1 |a London  |b Longman  |c 1982 
300 |a 325 s. 
100 1 |a Reynolds, P.A.